载入...

Manakleshamillathe jeevikkunnathengane /

书目详细资料
主要作者: Carnegie, Dale
语言:Undetermined
出版: Kozhikode : Harmony , 2015.
LEADER 00536nam a2200157Ia 4500
001 189212
008 170722s9999 xx 000 0 und d
020 |a 9789383756544 
100 |a Carnegie, Dale 
245 |a Manakleshamillathe jeevikkunnathengane / 
260 |a Kozhikode :  |b Harmony ,  |c 2015. 
300 |a 289 p. 
923 |d 20150310  |n 1156 
942 |c GEN 
999 |c 154223  |d 154223 
952 |0 0  |1 0  |4 0  |6 R_4941_000000000000000_32Q5  |7 0  |9 216854  |a LIB  |b LIB  |d 2015-03-16  |e D C Books  |l 5  |o R4941 32Q5  |p 298829  |r 2020-02-05  |s 2020-01-06  |v 230.00  |w 2017-08-12  |y GEN